000 00581nam a22002057a 4500
999 _c4669
_d4669
003 AR-CdUCM
008 190311b ||||| |||| 00| 0 spa d
040 _aMUNICIPALIDAD PROVINCIAL DEL CUSCO
_cBIBLIOTECA MUNICIPAL DEL CUSCO
082 _a869.56 /
_bL35
100 _aLecca, Dante
_91689
245 _aPoemas /
260 _aLima :
_bPuka,
_c1979.
300 _c22 cm.
500 _aDonación de la familia Nieto. No cuenta con numeración impresa
650 _aPerú
_935
650 _aPoesía peruana
_9806
650 _aSiglo XX
_98
942 _2ddc
_cLIBROS
945 _araen